Word Laddyrinth XV Quiz Stats

Quiz Updated Jul 26, 2012

Challenge
Share
Tweet
Embed
Score 0/192 Timer 07:00
16 Plays Today
% Correct
sheep product
100%
tree product
100%
WOOD
100%
0~O~0~O~0~O~0
100%
0~O~0~O~0~O~0
100%
not bad
100%
FINISH
100%
chilly
98.8%
WOOL
98.7%
0~O~0~O~0~O~0
96.5%
0~O~0~O~0~O~0
96.5%
thug
96.5%
GOOD
96.4%
a precious metal
96.4%
0~O~0~O~0~O~0
95.6%
0~O~0~O~0~O~0
95.6%
a fossil fuel
95%
COOL
94.8%
GOLD
93.6%
0~O~0~O~0~O~0
93.5%
0~O~0~O~0~O~0
93.5%
aim; purpose
93.3%
COAL
93.1%
cashmere source
91.3%
GOAL
90.3%
0~O~0~O~0~O~0
88.5%
0~O~0~O~0~O~0
88.5%
nautical vessel
88.4%
boxing match
88.1%
wild hog
88%
BOAT
87.9%
0~O~0~O~0~O~0
87.8%
0~O~0~O~0~O~0
87.8%
fly like an eagle
87.4%
BOAR
87.2%
drench
86.8%
like spoiled milk
86.8%
GOAT
86.8%
celestial body
86.8%
SOAR
86.7%
0~O~0~O~0~O~0
86.3%
0~O~0~O~0~O~0
86.3%
0~O~0~O~0~O~0
85.6%
0~O~0~O~0~O~0
85.6%
0~O~0~O~0~O~0
85.2%
0~O~0~O~0~O~0
85.2%
foot covering
84.8%
SOAK
84.6%
0~O~0~O~0~O~0
84.4%
0~O~0~O~0~O~0
84.4%
0~O~0~O~0~O~0
83.2%
0~O~0~O~0~O~0
83.2%
ill
83.1%
0~O~0~O~0~O~0
83%
0~O~0~O~0~O~0
83%
ridicule
82.9%
SOCK
82.9%
cocoon fiber
82.7%
0~O~0~O~0~O~0
82.4%
0~O~0~O~0~O~0
82.4%
SICK
82.4%
in the near future
82.3%
chimney residue
82.2%
stronghold
82.1%
% Correct
SOON
81.9%
GOON
81.9%
0~O~0~O~0~O~0
81.8%
0~O~0~O~0~O~0
81.8%
spirit
81.7%
12 inches
81.6%
cereal addition
81.6%
SOOT
81.4%
SILK
81.4%
flour grinder
81.4%
FOOT
81.3%
sulk
81.2%
SOUR
81.2%
MILK
81.1%
dockyard
80.8%
0~O~0~O~0~O~0
80.2%
0~O~0~O~0~O~0
80.2%
attack with a knife
79.8%
STAR
79.8%
0~O~0~O~0~O~0
79.3%
0~O~0~O~0~O~0
79.3%
thick slice
79.2%
STAB
79.2%
ticket portion
79.2%
BOUT
78.8%
0~O~0~O~0~O~0
78.4%
0~O~0~O~0~O~0
78.4%
desire
78.3%
MILL
78.1%
STUB
76.9%
0~O~0~O~0~O~0
76.9%
0~O~0~O~0~O~0
76.9%
FORT
76.9%
POUT
76.8%
kill
76.8%
SLAB
76.4%
0~O~0~O~0~O~0
76.1%
0~O~0~O~0~O~0
76.1%
PORT
75.7%
side of a building
75.3%
WILL
75.1%
0~O~0~O~0~O~0
74.9%
0~O~0~O~0~O~0
74.9%
corridor
74.8%
go on foot
74.7%
WALL
74.7%
0~O~0~O~0~O~0
74.7%
0~O~0~O~0~O~0
74.7%
icy precipitation
74.3%
HALL
74.3%
stop suddenly
74.3%
0~O~0~O~0~O~0
74.3%
0~O~0~O~0~O~0
74.3%
monastery dweller
74%
MOCK
74%
earth
73.8%
0~O~0~O~0~O~0
73.8%
0~O~0~O~0~O~0
73.8%
filthy; putrid
73.8%
SOUL
73.8%
bucket
73.8%
HAIL
73.7%
0~O~0~O~0~O~0
73.4%
0~O~0~O~0~O~0
73.4%
% Correct
WALK
73.3%
suffering
73.2%
PAIL
73.2%
MONK
72.5%
HALT
72.2%
0~O~0~O~0~O~0
70.9%
0~O~0~O~0~O~0
70.9%
0~O~0~O~0~O~0
70.7%
0~O~0~O~0~O~0
70.7%
chess piece
70.7%
PAIN
70.6%
pottery material
70.6%
SLAY
70.6%
CLAY
70.4%
daybreak
70.3%
PAWN
70.3%
soft, fluffy feathers
70.3%
DAWN
70.2%
SOIL
69.7%
village
68.8%
DOWN
68.7%
ripped
68.6%
TOWN
68.5%
0~O~0~O~0~O~0
68.5%
0~O~0~O~0~O~0
68.5%
maize
68.4%
0~O~0~O~0~O~0
68.4%
0~O~0~O~0~O~0
68.4%
TORN
68.3%
bottle stopper
68.3%
CORN
68.2%
toil
68.2%
nickel, eg
68.2%
FOUL
68.1%
CORK
67.9%
0~O~0~O~0~O~0
67.6%
0~O~0~O~0~O~0
67.6%
COIN
66.5%
fish bait
64.6%
WORK
64.4%
shape and structure
64.1%
WORM
64.1%
0~O~0~O~0~O~0
62.9%
0~O~0~O~0~O~0
62.9%
agricultural land
62.8%
FORM
62.7%
hurt; injure
62.6%
FARM
62.5%
0~O~0~O~0~O~0
62.3%
0~O~0~O~0~O~0
62.3%
plucked instrument
62.2%
HARM
62.1%
distort; skew
61.5%
HARP
61.5%
bee relative
55.4%
WARP
55.4%
breath of surprise
55.2%
WASP
55.2%
cleanse
55.2%
WASH
54.7%
hope for; desire
54.7%
GASP
54.6%
WELL DONE
53.7%
WISH
53.6%

You're not logged in!

Compare scores with friends on all Sporcle quizzes.
Sign Up with Email
OR
Log In

You Might Also Like...

Show Comments

Extras

Top Quizzes Today


Score Distribution

Your Account Isn't Verified!

In order to create a playlist on Sporcle, you need to verify the email address you used during registration. Go to your Sporcle Settings to finish the process.